European Administrative Space - recent challenges and evolution prospects

Bibliographic Details
Main Author: Săraru, Cătălin-Silviu
Format: eBook
Language:English
Published: Bucarest: Bucharest Academy of Economic Studies, 2017
Subjects:
Online Access:Acceso restringido

MARC

LEADER 00000nam a22000007a 4500
005 20180926000748.0
007 cr|||| ||||
008 180926s2017 ro |||||s|||| 00||0 eng d
020 |a 978-606-94312-1-4 
035 |a 21960 
040 |a vLex 
090 |c 8118  |d 8118 
100 1 |a Săraru, Cătălin-Silviu 
245 1 0 |a European Administrative Space - recent challenges and evolution prospects  |h [Recurso electrn̤ico] /  |c Cătălin-Silviu Săraru 
256 |a Servicio en ln̕ea 
260 |a Bucarest:  |b Bucharest Academy of Economic Studies,  |c 2017 
300 |a 1 recurso electrn̤ico (143 p.) 
506 1 |a Disponible solo en los productos indicados  |d vLex Global  |d vLex Global (Academic Edition, excluding Law Schools)  |d vLex Global (U.S. Academic Edition, Law Schools)  |d vLex Global (U.S. Academic Edition, excluding Law Schools)  |d vLex Global (Academic Edition, Law Schools) 
650 0 4 |a Derecho Pb︢lico y Administrativo  |z Rumania 
650 0 4 |a Derecho Comunitario  |z Rumania 
740 0 |a vLex Libros (Servicio en ln̕ea) 
856 4 0 |u http://vlex.com/source/european-administrative-space-recent-challenges-evolution-prospects-21960  |z Acceso restringido 
942 |c BOOK 
999 0 |a Public and Administrative Law 
999 0 |a Community Law